000 00434nam a2200181Ia 4500
001 20409
005 20260306172804.0
008 260306t1999||||xx |||||||||||||| ||spa||
041 _aESP
082 _a343.2C13
_bR91E
100 _aRubio Correa, Marcial
_eAUT
245 0 _aEstudio de la constitución política de 1993
260 _c1999
300 _a
_c20 cm.
650 _aGEN
654 _aCDE
942 _cLIB
_dJUS
_fJUS
_2ddc
_n
999 _c20409
_d20409